|
|
|
|
| LEADER |
00000nam0a2200000 4500 |
| 001 |
93102 |
| 005 |
20231101213851.0 |
| 010 |
|
|
|a 5217031719
|b (в пер.)
|b 1000 экз.
|
| 021 |
|
|
|a RU
|b 05-78839
|9 05-3890
|
| 035 |
|
|
|a (RuTPU)RU\TPU\book\99710
|
| 090 |
|
|
|a 93102
|
| 100 |
|
|
|a 20060324d2005 km y0rusy5002 ca
|
| 101 |
0 |
|
|a rus
|
| 102 |
|
|
|a RU
|
| 105 |
|
|
|a a z 001zy
|
| 200 |
1 |
|
|a Проектирование процессов комбинированной обработки
|f М. Л. Хейфец
|
| 210 |
|
|
|a Москва
|c Машиностроение
|d 2005
|
| 215 |
|
|
|a 271 с.
|c ил.
|
| 225 |
1 |
|
|a Библиотека технолога
|
| 225 |
1 |
|
|a Современные технологии-современному производству
|
| 320 |
|
|
|a Библиогр.: с. 258-271.
|
| 330 |
|
|
|a Изложены принципы синергетики и физико-химического анализа, на основе которых рассмотрена методология управления структурообразованием и формированием поверхностей деталей машин. Исследованы комбинированные методы обработки: ротационное резание с плазменным нагревом, электромагнитная наплавка с поверхностным пластическим деформированием, магнитно-абразивное полирование, ионное модифицирование и др., а также разработаны методы ограничения, управления и оптимизации комбинированных воздействий. Ограничение мощности и количества воздействий на поверхность - использованием технологических барьеров; управления - организацией положительных и отрицательных обратных связей между параметрами качества обработки; оптимизации - по термодинамическим критериям. Для инженерно-технических работников и специалистов в области проектирования технологических процессов обработки деталей, а также преподавателей, аспирантов и студентов вузов машиностроительного профиля.
|
| 606 |
1 |
|
|a Режущие инструменты, комбинированные
|2 stltpush
|3 (RuTPU)RU\TPU\subj\24462
|9 48807
|
| 610 |
1 |
|
|a детали машин
|
| 610 |
1 |
|
|a металлообработка
|
| 610 |
1 |
|
|a комбинированная обработка
|
| 610 |
1 |
|
|a системный анализ
|
| 610 |
1 |
|
|a технологические системы
|
| 610 |
1 |
|
|a наследственность
|
| 610 |
1 |
|
|a самоорганизация
|
| 610 |
1 |
|
|a термомеханическая обработка
|
| 610 |
1 |
|
|a процессы
|
| 610 |
1 |
|
|a электрофизическая обработка
|
| 610 |
1 |
|
|a ионно-лучевая обработка
|
| 610 |
1 |
|
|a исследование
|
| 610 |
1 |
|
|a разработка
|
| 610 |
1 |
|
|a внедрение
|
| 675 |
|
|
|a 621.9.02
|v 3
|z rus
|
| 700 |
|
1 |
|a Хейфец
|b М. Л.
|g Михаил Львович
|
| 801 |
|
0 |
|a RU
|b RKP
|c 20060203
|g PSBO
|
| 801 |
|
1 |
|a RU
|b 63413507
|c 20060324
|g PSBO
|
| 801 |
|
2 |
|a RU
|b 63413507
|c 20150713
|g PSBO
|
| 942 |
|
|
|c BK
|